| 000 | 00572nam a22001817a 4500 | ||
|---|---|---|---|
| 005 | 20250501113500.0 | ||
| 010 | _aENG-144783 | ||
| 020 |
_a9789394120839 _c450.00 |
||
| 035 | _aEN-128315 | ||
| 037 | _bDelivery Books Act Division | ||
| 082 | _a781.625443 | ||
| 100 |
_aGupta, Umang _980963 |
||
| 245 |
_aCultural Heritage of Gujarat/ _cUmang Gupta |
||
| 260 |
_bAkanksha Prakashan _c2024 _aDelhi |
||
| 270 |
_aF-15-A, Vijay Block, Vikas Marg Laxmi Nagar, _bDelhi _e110092 |
||
| 300 |
_a128p.: _c25cm(Hb) _billus. |
||
| 942 |
_2ddc _cCH _h781.625443 _mGUP |
||
| 999 |
_c209718 _d209718 |
||